[Event "Mechanics' Winter TNM; 30/90, SD/30"]
[Site "San Francisco"]
[Date "2012.01.03"]
[Round "1.5"]
[White "Narayanan, Praveen"]
[Black "Nelson, Christopher"]
[Result "1-0"]
[WhiteElo "1986"]
[BlackElo "1551"]
[PlyCount "67"]
[EventDate "2012.??.??"]

1. Nf3 f5 2. d3 Nf6 3. Nc3 e6 4. e4 fxe4 5. dxe4 Bb4 6. Bd3 d6 7. e5 dxe5 8.
Nxe5 Qd5 9. Nf3 Nc6 10. Bd2 Bxc3 11. Bxc3 Bd7 12. Qe2 O-O-O 13. O-O Rde8 14.
Rad1 Qh5 15. Ne5 Qxe2 16. Bxe2 Nxe5 17. Bxe5 Bc6 18. Rd4 Re7 19. Re1 Nd7 20.
Bg3 h5 21. Bh4 g5 22. Bxg5 Rg7 23. h4 e5 24. Rd2 Nc5 25. f3 Ne6 26. Bf6 Rxg2+
27. Kxg2 Nf4+ 28. Kg3 Rg8+ 29. Bg5 Ne6 30. Bc4 Rxg5+ 31. hxg5 Nxg5 32. Rxe5
Nxf3 33. Be6+ Kb8 34. Rd8# 1-0

[Event "Mechanics' Winter TNM; 30/90, SD/30"]
[Site "San Francisco"]
[Date "2012.01.17"]
[Round "3.4"]
[White "Narayanan, Praveen"]
[Black "Persidsky, Andre"]
[Result "1-0"]
[WhiteElo "1986"]
[BlackElo "1795"]
[PlyCount "107"]
[EventDate "2012.??.??"]

1. Nf3 d5 2. c4 c6 3. d4 Nf6 4. Nc3 e6 5. e3 Bb4 6. Bd3 Nbd7 7. O-O O-O 8. a3
Bxc3 9. bxc3 Qc7 10. Nd2 e5 11. e4 Re8 12. Re1 Nxe4 13. Bxe4 dxe4 14. Nxe4 f5
15. Ng3 Nf6 16. Bg5 Ng4 17. h3 Nf6 18. Bxf6 gxf6 19. Qh5 Qf7 20. Qf3 Qg6 21.
Rad1 e4 22. Qf4 Be6 23. d5 cxd5 24. cxd5 Bd7 25. c4 Rad8 26. Nf1 Re5 27. Ne3 b6
28. Qg3 Qxg3 29. fxg3 Kf7 30. Rf1 Rc8 31. Rf4 h5 32. Rc1 Kg6 33. Kf2 Kf7 34.
Ke1 Rg8 35. Kf2 Rge8 36. Rc3 Kg6 37. Ke2 Kf7 38. Kd2 Rg8 39. Nf1 Rge8 40. Ke3
Rc8 41. Kd4 Rc5 42. Ne3 Kg6 43. g4 Kg5 44. g3 hxg4 45. hxg4 fxg4 46. Rxe4 Rxe4+
47. Kxe4 Rc8 48. Kd4 Re8 49. Ng2 f5 50. Re3 Rxe3 51. Kxe3 Kf6 52. Kd4 Ba4 53.
Nf4 Bd7 54. Nd3 1-0

[Event "Mechanics' Winter TNM; 30/90, SD/30"]
[Site "San Francisco"]
[Date "2012.01.31"]
[Round "5.5"]
[White "Narayanan, Praveen"]
[Black "de Lenea, Digne"]
[Result "1-0"]
[WhiteElo "1986"]
[BlackElo "1868"]
[PlyCount "141"]
[EventDate "2012.??.??"]

1. Nf3 Nf6 2. c4 c5 3. g3 Nc6 4. Bg2 e5 5. O-O Be7 6. Nc3 O-O 7. Ne1 d6 8. Nc2
Be6 9. d3 d5 10. cxd5 Nxd5 11. Nxd5 Bxd5 12. e4 Be6 13. Ne3 Qd7 14. a3 Rad8 15.
Nd5 Bd6 16. Be3 f5 17. Rc1 Nd4 18. Bxd4 cxd4 19. Bh3 Qf7 20. Qf3 Bxd5 21. exd5
g5 22. g4 h5 23. Qxf5 Qxf5 24. gxf5 g4 25. Bg2 Rxf5 26. Be4 Rg5 27. Rc2 h4 28.
Rfc1 Kh8 29. Rc8 Rdg8 30. Kg2 a5 31. a4 Rxc8 32. Rxc8+ Rg8 33. Rxg8+ Kxg8 34.
Bf5 Be7 35. Bxg4 Kg7 36. Kf3 Kf6 37. Bc8 b6 38. Kg4 e4 39. dxe4 d3 40. Kf4 Bd6+
41. Ke3 Bxh2 42. f4 d2 43. Kxd2 Bxf4+ 44. Kd3 Ke5 45. Bf5 Bg3 46. b3 Bf2 47.
Kc4 Bc5 48. Kb5 Kd6 49. Bg4 Bd4 50. b4 axb4 51. Kxb4 Ke5 52. Kb5 Be3 53. Kc6
Kxe4 54. d6 Kf4 55. d7 Kxg4 56. d8=Q h3 57. Qd1+ Kg3 58. Qh1 Bf2 59. Kd5 h2 60.
Ke4 Bg1 61. Kd3 Kf4 62. Ke2 Ke5 63. Qc6 Kf5 64. Kf1 Ke5 65. Kg2 Kf5 66. Qd5+
Kf6 67. Kg3 Kg6 68. Kf4 Kf6 69. Qc6+ Kg7 70. Kf5 Kf7 71. Qb7+ 1-0

[Event "Mechanics' Winter TNM; 30/90, SD/30"]
[Site "San Francisco"]
[Date "2012.01.10"]
[Round "2.23"]
[White "Nelson, Christopher"]
[Black "Harris, Clarence"]
[Result "1-0"]
[WhiteElo "1551"]
[BlackElo "1336"]
[PlyCount "85"]
[EventDate "2012.??.??"]

1. d4 Nf6 2. Nf3 g6 3. Bg5 Bg7 4. Nbd2 d6 5. e3 Bf5 6. Rc1 Nbd7 7. b4 e5 8. e4
Bg4 9. d5 O-O 10. h3 Bxf3 11. Qxf3 h6 12. Be3 a6 13. c4 c5 14. a3 Nh5 15. g3 b6
16. Be2 f5 17. exf5 Rxf5 18. Qg2 Rf7 19. Bg4 Nf8 20. O-O Nf6 21. Ne4 Nxg4 22.
hxg4 g5 23. bxc5 bxc5 24. Rb1 Rb8 25. f3 Rfb7 26. Qc2 Ng6 27. Nxg5 hxg5 28.
Rxb7 Rxb7 29. Qxg6 Qf6 30. Qe8+ Qf8 31. Qxf8+ Bxf8 32. Bxg5 Rb3 33. Kg2 Rc3 34.
Rc1 Rxa3 35. Bf6 Ra2+ 36. Kh3 Ra3 37. g5 Rxf3 38. Kg4 Rf2 39. Ra1 Bg7 40. Bxg7
Kxg7 41. Rxa6 Rc2 42. Rxd6 Rxc4+ 43. Kf5 1-0

[Event "Mechanics' Winter TNM; 30/90, SD/30"]
[Site "San Francisco"]
[Date "2012.02.07"]
[Round "6.23"]
[White "Nelson, Christopher"]
[Black "Hilliard, Michael"]
[Result "1-0"]
[WhiteElo "1551"]
[BlackElo "1408"]
[PlyCount "53"]
[EventDate "2012.??.??"]

1. d4 d5 2. Nf3 e6 3. Bf4 c5 4. e3 Nc6 5. c3 Nf6 6. Bd3 cxd4 7. exd4 Qb6 8. Qe2
Be7 9. O-O O-O 10. b4 a6 11. Nbd2 Bd7 12. a4 Rac8 13. Rab1 Na7 14. b5 a5 15.
Ne5 Qd8 16. Rfc1 b6 17. Qf3 Be8 18. Qh3 Ne4 19. f3 f5 20. fxe4 fxe4 21. Nxe4
dxe4 22. Bxe4 g6 23. Qxe6+ Bf7 24. Nxf7 Rxf7 25. Bd5 Qe8 26. Rf1 Bf8 27. Be5
1-0

[Event "Mechanics' Winter TNM; 30/90, SD/30"]
[Site "San Francisco"]
[Date "2012.01.17"]
[Round "3.12"]
[White "Nelson, Christopher"]
[Black "Krasnov, Steven"]
[Result "0-1"]
[WhiteElo "1551"]
[BlackElo "1983"]
[PlyCount "74"]
[EventDate "2012.??.??"]

1. e4 c5 2. Nf3 e6 3. d4 cxd4 4. Nxd4 a6 5. Nc3 Qc7 6. Bd3 Nc6 7. Nxc6 bxc6 8.
Be3 Rb8 9. Rb1 Nf6 10. g4 h5 11. gxh5 Nxh5 12. Qg4 d5 13. exd5 Rb4 14. Qe2 cxd5
15. Nxd5 exd5 16. Bc5+ Be6 17. Bxb4 Bxb4+ 18. c3 Nf4 19. Qc2 Qe5+ 20. Kd2 Nxd3
21. Qxd3 Be7 22. Rbe1 Qb8 23. Kc2 Rxh2 24. Rxh2 Qxh2 25. Qd4 Kf8 26. Qb6 Qf4
27. Qxa6 Qxf2+ 28. Re2 Qf5+ 29. Kb3 d4+ 30. c4 Qf3+ 31. Ka4 Bd7+ 32. Ka5 Qxe2
33. Qa8+ Be8 34. Qh1 Qe5+ 35. Ka6 Qd6+ 36. Kb7 Qd7+ 37. Ka6 Qc6+ 0-1

[Event "Mechanics' Spring TNM; 30/90, SD/30"]
[Site "San Francisco"]
[Date "2012.04.03"]
[Round "4.12"]
[White "Newey, Richard"]
[Black "Abraham, Renjish"]
[Result "0-1"]
[WhiteElo "1668"]
[BlackElo "1862"]
[PlyCount "90"]
[EventDate "2012.??.??"]

1. e4 c5 2. b3 d6 3. Bb2 Nf6 4. e5 dxe5 5. Bxe5 Nc6 6. Bxf6 exf6 7. Nf3 Bd6 8.
Be2 O-O 9. Nc3 Bf5 10. O-O Nd4 11. Nxd4 cxd4 12. Nb1 Qc7 13. g3 Bxc2 14. Qc1 d3
15. Bd1 Be5 16. Bxc2 Bxa1 17. Bxd3 Qxc1 18. Rxc1 Rac8 19. Nc3 Bb2 20. Rc2 Bxc3
21. dxc3 Rfe8 22. Kg2 g6 23. Kf3 f5 24. c4 Rcd8 25. Bf1 Re1 26. Be2 Re8 27. c5
Re7 28. Bc4 a5 29. Bb5 R1e5 30. Ba4 Rc7 31. b4 axb4 32. c6 bxc6 33. Rxc6 Rxc6
34. Bxc6 f6 35. Ba4 Kf7 36. Bb3+ Ke7 37. h4 Kd6 38. Kg2 Kc5 39. f4 Re7 40. Kf3
Kd4 41. Bg8 Kc3 42. h5 gxh5 43. Kf2 Kb2 44. Kg2 Rg7 45. Be6 h4 0-1

[Event "Mechanics' Winter TNM; 30/90, SD/30"]
[Site "San Francisco"]
[Date "2012.02.07"]
[Round "6.9"]
[White "Newey, Richard"]
[Black "Anderson, Michael"]
[Result "0-1"]
[WhiteElo "1724"]
[BlackElo "1900"]
[PlyCount "162"]
[EventDate "2012.??.??"]

1. e4 c5 2. Nf3 Nc6 3. Be2 g6 4. O-O Bg7 5. c3 e5 6. Bc4 Nf6 7. d3 O-O 8. h3 a6
9. Bg5 h6 10. Be3 d6 11. Qc2 b5 12. Bb3 Na5 13. Nbd2 Nxb3 14. Nxb3 Bb7 15. Nbd2
Rc8 16. Rac1 Re8 17. Rfe1 g5 18. Nh2 Nh5 19. g3 Qd7 20. Kg2 f5 21. f3 f4 22.
Bf2 fxg3 23. Bxg3 Nf4+ 24. Bxf4 exf4 25. Ng4 h5 26. Nf2 c4 27. d4 Qe7 28. Rh1
Rcd8 29. Rce1 Bc8 30. e5 dxe5 31. Qg6 Rd6 32. Qe4 Qf7 33. Qe2 Rg6 34. Nde4 Rf8
35. dxe5 Bxe5 36. Qd1 g4 37. h4 gxf3+ 38. Kxf3 Bg4+ 39. Nxg4 hxg4+ 40. Kf2 Qa7+
41. Kf1 g3 42. Qd5+ Qf7 43. Qxf7+ Rxf7 44. Ng5 Rf5 45. Ke2 Rgxg5 46. hxg5 f3+
47. Ke3 f2 48. Ke4 fxe1=Q+ 49. Rxe1 Rxg5 50. Kf3 g2 51. Rg1 Bh2 52. Rxg2 Rxg2
53. Kxg2 Bf4 54. Kf3 Bc1 55. b3 Bd2 56. bxc4 bxc4 57. Ke4 Bxc3 58. Kd5 Bd2 59.
Kxc4 a5 60. Kb3 Kf7 61. Kc2 Be1 62. Kb3 Ke6 63. Kc4 Kd6 64. Kb5 Kd5 65. Ka4 Kc5
66. Kb3 Kb5 67. Ka3 Bg3 68. Kb3 Bd6 69. a4+ Kc5 70. Kc3 Be5+ 71. Kb3 Bf6 72.
Ka3 Kc4 73. Ka2 Kb4 74. Kb1 Kb3 75. Kc1 Bg5+ 76. Kb1 Kxa4 77. Kb2 Bf6+ 78. Ka2
Kb4 79. Kb1 Kb3 80. Kc1 a4 81. Kb1 a3 0-1

[Event "Mechanics' Mar TNM; 30/90, SD/30"]
[Site "San Francisco"]
[Date "2012.08.14"]
[Round "3.27"]
[White "Newey, Richard"]
[Black "Bayaraa, Chinguun"]
[Result "1-0"]
[WhiteElo "1721"]
[BlackElo "1270"]
[PlyCount "89"]
[EventDate "2012.??.??"]

1. e4 c5 2. Nf3 d6 3. b3 Nf6 4. Bb5+ Nc6 5. Nc3 Bd7 6. O-O g6 7. Bb2 Bg7 8. Re1
O-O 9. Bxc6 bxc6 10. e5 Nd5 11. h3 Rc8 12. Rb1 Bf5 13. g4 Bd7 14. Ne4 Qc7 15.
exd6 exd6 16. Bxg7 Kxg7 17. d4 cxd4 18. Qxd4+ f6 19. Kh2 Rce8 20. c4 Nb4 21.
Qxd6 Qxd6+ 22. Nxd6 Rxe1 23. Rxe1 Kg8 24. Re7 Bc8 25. Rxa7 Nd3 26. Kg3 Nc1 27.
Nd4 Rd8 28. Rc7 Bd7 29. Nxc6 Bxc6 30. Rxc6 Nxa2 31. Rc8 Rxc8 32. Nxc8 Nb4 33.
Kf3 Kf7 34. Nb6 Ke6 35. Ke4 Nc6 36. f4 Na5 37. b4 Nc6 38. f5+ gxf5+ 39. gxf5+
Kd6 40. c5+ Kc7 41. b5 Na7 42. Nd5+ Kd7 43. Nxf6+ Ke7 44. Nd5+ Kd7 45. b6 1-0

[Event "Mechanics' Summer TNM; 30/90, SD/30"]
[Site "San Francisco"]
[Date "2012.06.26"]
[Round "6.18"]
[White "Newey, Richard"]
[Black "De Lenea, Digne"]
[Result "0-1"]
[WhiteElo "1641"]
[BlackElo "1875"]
[PlyCount "58"]
[EventDate "2012.??.??"]

1. e4 e6 2. d4 c5 3. Nf3 cxd4 4. c3 dxc3 5. Nxc3 Bb4 6. Bd2 a6 7. Qa4 Nc6 8. a3
Be7 9. Bd3 Rb8 10. e5 f5 11. exf6 Nxf6 12. h3 d5 13. g4 b5 14. Qc2 b4 15. Ne2
bxa3 16. Qxc6+ Bd7 17. Qc2 Rxb2 18. Qc1 Qb6 19. Ne5 O-O 20. Nxd7 Nxd7 21. O-O
Ne5 22. Bc2 d4 23. Be4 Bc5 24. Nf4 d3 25. Qc3 Bd4 26. Qa5 Qxa5 27. Bxa5 Rxf4
28. Ba8 Rfxf2 29. Kh1 Rh2# 0-1

[Event "Mechanics' Spring TNM; 30/90, SD/30"]
[Site "San Francisco"]
[Date "2012.05.01"]
[Round "8.17"]
[White "Newey, Richard"]
[Black "Flores, David"]
[Result "1-0"]
[WhiteElo "1668"]
[BlackElo "1588"]
[PlyCount "87"]
[EventDate "2012.??.??"]

1. e4 e5 2. Nf3 Nc6 3. Bb5 Nd4 4. Nxd4 exd4 5. O-O g6 6. d3 a5 7. Qf3 Qf6 8.
Qxf6 Nxf6 9. a3 Bg7 10. Bf4 c6 11. Bc4 O-O 12. Bd6 Re8 13. Nd2 b6 14. Nf3 Ng4
15. Ng5 Re6 16. Nxe6 dxe6 17. h3 Ne5 18. Ba2 Ba6 19. Rad1 Nd7 20. f4 Bf8 21.
Bxf8 Nxf8 22. f5 gxf5 23. exf5 e5 24. Rde1 Re8 25. Re4 Nd7 26. f6 Nf8 27. h4
Bc8 28. Rfe1 Nd7 29. Rf1 Nc5 30. Re2 Bg4 31. Ref2 Kf8 32. b4 Na4 33. bxa5 b5
34. Bb3 Nc3 35. Ra1 Ra8 36. Rff1 Rxa5 37. Rfe1 Nd5 38. Bxd5 cxd5 39. Rxe5 b4
40. Rae1 Be6 41. axb4 Rb5 42. Ra1 Ke8 43. Ra7 Rxb4 44. Rg5 1-0

[Event "Mechanics' Fall TNM; 30/90, SD/30"]
[Site "San Francisco"]
[Date "2012.11.20"]
[Round "6.22"]
[White "Newey, Richard"]
[Black "Frank, Robert"]
[Result "1-0"]
[WhiteElo "1704"]
[BlackElo "1263"]
[PlyCount "59"]
[EventDate "2012.??.??"]

1. e4 e5 2. Nf3 Nf6 3. Nc3 Nc6 4. Bb5 d6 5. d4 a6 6. Bxc6+ bxc6 7. dxe5 dxe5 8.
Qxd8+ Kxd8 9. Nxe5 Bb7 10. Nxf7+ Ke8 11. Nxh8 Bb4 12. Bd2 Kf8 13. f3 Kg8 14.
O-O-O Kxh8 15. Rhe1 c5 16. a3 Ba5 17. Na4 Bb6 18. Be3 Bc6 19. Nxc5 a5 20. Ne6
Re8 21. Bxb6 cxb6 22. Rd6 Bd7 23. Nf4 b5 24. e5 Bf5 25. Kd2 Ng8 26. g4 Bc8 27.
Re3 b4 28. a4 g5 29. Nd5 Ne7 30. Nxe7 1-0

[Event "Mechanics' Summer TNM; 30/90, SD/30"]
[Site "San Francisco"]
[Date "2012.06.05"]
[Round "3.21"]
[White "Newey, Richard"]
[Black "Frank, Robert"]
[Result "1-0"]
[WhiteElo "1641"]
[BlackElo "1361"]
[PlyCount "53"]
[EventDate "2012.??.??"]

1. e4 e5 2. Nf3 Nf6 3. Nc3 Nc6 4. Bb5 Bb4 5. d3 Nd4 6. Bc4 d6 7. h3 Ne6 8. O-O
O-O 9. a3 Bxc3 10. bxc3 c6 11. a4 a5 12. Be3 d5 13. exd5 cxd5 14. Bb5 Nc7 15.
Nxe5 Nxb5 16. axb5 Qe8 17. Bd4 $18 Qxb5 18. Rb1 Qa6 $2 19. Rb6 $18 Qa7 20. Rxf6
Qb8 21. Rb6 Qc7 22. Qf3 Be6 23. Rfb1 Rab8 24. Qf4 Rfc8 25. Qc1 Qe7 26. Qb2 f6
27. Nc6 1-0

[Event "Mechanics' Spring TNM; 30/90, SD/30"]
[Site "San Francisco"]
[Date "2012.03.20"]
[Round "2.28"]
[White "Newey, Richard"]
[Black "Furukawa, Jon"]
[Result "1-0"]
[WhiteElo "1668"]
[BlackElo "1275"]
[Annotator "Donaldson"]
[PlyCount "105"]
[EventDate "2012.??.??"]

1. e4 e5 2. Nf3 Nc6 3. Bc4 Bc5 4. c3 Nf6 5. d4 exd4 6. cxd4 Bb4+ 7. Bd2 Bxd2+
8. Nbxd2 O-O (8... d5) 9. e5 (9. d5 Ne7 10. O-O) 9... Re8 (9... d5) 10. O-O d5
11. Bd3 Nd7 12. Rc1 Nb4 13. Bb1 c5 14. a3 (14. dxc5 Nxe5 15. Nxe5 Rxe5 16. Nc4
$1) 14... Nc6 15. dxc5 Ndxe5 16. b4 Bg4 17. Qc2 f5 $6 (17... g6) 18. Nxe5 Nxe5
19. f3 Bh5 20. Qxf5 Bg6 21. Qh3 Nd3 22. Bxd3 Bxd3 23. Rfe1 Qg5 24. Nf1 Bf5 25.
Qg3 Qf6 26. Qf4 d4 27. Ng3 Bg6 28. Qxf6 gxf6 29. Ne4 Bxe4 30. fxe4 Rad8 31. Kf2
Kf7 32. Rcd1 Rd7 33. Rd3 Ke6 34. Kf3 Rg8 35. g3 Ke5 36. Rc1 Rf8 37. g4 h5 38.
h3 hxg4+ 39. hxg4 Rh8 40. c6 Rh3+ $4 (40... bxc6) 41. Ke2 $4 Rh2+ $4 42. Kf3
Rh3+ $4 43. Kg2 $3 bxc6 (43... Rxd3 44. cxd7) 44. Kxh3 Kxe4 45. Rcd1 a6 46. Kg3
Rd8 47. Kf2 Rd7 48. Ke2 Rd8 49. Kd2 a5 50. Kc2 axb4 51. axb4 Rd5 52. Kb3 Ke5
53. Kc4 1-0

[Event "Mechanics' Fall TNM; 30/90, SD/30"]
[Site "San Francisco"]
[Date "2012.11.27"]
[Round "7.11"]
[White "Newey, Richard"]
[Black "Gaffagan, Steven"]
[Result "0-1"]
[WhiteElo "1704"]
[BlackElo "2070"]
[PlyCount "72"]
[EventDate "2012.??.??"]

1. e4 c5 2. Bc4 e6 3. Nc3 a6 4. a4 Nc6 5. Nf3 d6 6. O-O Nf6 7. d3 Be7 8. Bf4
O-O 9. e5 dxe5 10. Nxe5 Nd4 11. Nf3 b6 12. Nxd4 cxd4 13. Ne4 Bb7 14. Nxf6+ Bxf6
15. Qg4 Rc8 16. Rfe1 Rc5 17. Re2 Rf5 18. Rae1 h5 19. Qg3 Bh4 20. Bc7 Bxg3 21.
Bxd8 Bxf2+ 22. Rxf2 Rxf2 23. Kxf2 Rxd8 24. Re5 g6 25. h4 Kg7 26. Kg3 Kf6 27.
Re2 Rd7 28. Rf2+ Ke7 29. Kf4 f6 30. g4 e5+ 31. Kg3 hxg4 32. Kxg4 Rd8 33. Rh2
Rh8 34. Rf2 Rh5 35. Re2 Rf5 36. c3 Bf3+ 0-1

[Event "Mechanics' Fall TNM; 30/90, SD/30"]
[Site "San Francisco"]
[Date "2012.12.11"]
[Round "9.19"]
[White "Newey, Richard"]
[Black "Godfrey, Benjamin"]
[Result "1-0"]
[WhiteElo "1704"]
[BlackElo "1072"]
[PlyCount "83"]
[EventDate "2012.??.??"]

1. e4 g6 2. d4 c6 3. f4 d5 4. e5 Bf5 5. Nf3 e6 6. Be2 Nd7 7. Na3 Qa5+ 8. Qd2
Bb4 9. c3 Be7 10. b4 Qb6 11. Nc2 f6 12. a4 fxe5 13. fxe5 h6 14. a5 Qc7 15. O-O
g5 16. Ne3 g4 17. Ne1 Bg5 18. Qb2 Bxe3+ 19. Bxe3 h5 20. Qd2 O-O-O 21. b5 Ne7
22. bxc6 Qxc6 23. Bg5 Rde8 24. Nc2 Rhf8 25. a6 b6 26. Na3 Rf7 27. Nb5 Kb8 28.
Nd6 Ref8 29. Bh6 Rh7 30. Bxf8 Nxf8 31. Bd3 Nfg6 32. Bxf5 exf5 33. Nxf5 Qe6 34.
Nd6 h4 35. Rf6 Qd7 36. Qd3 g3 37. h3 Rg7 38. Nb5 Qe8 39. Raf1 Ng8 40. Rxg6 Qxg6
41. Qxg6 Rxg6 42. Rf8# 1-0

[Event "Mechanics' Mar TNM; 30/90, SD/30"]
[Site "San Francisco"]
[Date "2012.08.28"]
[Round "5.23"]
[White "Newey, Richard"]
[Black "Harris, Clarence"]
[Result "0-1"]
[WhiteElo "1721"]
[BlackElo "1346"]
[PlyCount "48"]
[EventDate "2012.??.??"]

1. e4 e5 2. Nf3 Nc6 3. Bc4 Nf6 4. Ng5 d5 5. exd5 Na5 6. Bb5+ Bd7 7. Qe2 Bxb5 8.
Qxb5+ c6 9. dxc6 Nxc6 10. Qxb7 Ne7 11. Qb5+ Nd7 12. O-O Rb8 13. Qc4 Nd5 14.
Qxd5 Qxg5 15. d4 Qe7 16. dxe5 Qe6 17. Rd1 Qxd5 18. Rxd5 Nb6 19. Rd4 Bc5 20. Re4
O-O 21. Nc3 Rbd8 22. Bf4 Rd4 23. Rae1 Rfd8 24. Nb5 Rxe4 0-1

[Event "Mechanics' Summer TNM; 30/90, SD/30"]
[Site "San Francisco"]
[Date "2012.05.22"]
[Round "1.9"]
[White "Newey, Richard"]
[Black "Jaffray, John"]
[Result "1/2-1/2"]
[WhiteElo "1641"]
[BlackElo "2031"]
[Annotator "Donaldson"]
[PlyCount "75"]
[EventDate "2012.??.??"]

1. e4 c5 2. f4 Nc6 3. Nf3 g6 4. Bc4 Bg7 5. c3 e5 6. O-O exf4 7. d4 g5 8. dxc5
Qe7 9. Qd5 Ne5 10. Nxe5 Bxe5 11. b4 Nf6 12. Qd3 a5 13. Ba3 d6 14. Nd2 axb4 15.
cxd6 Qxd6 16. Bxb4 Qxd3 17. Bxd3 Bc7 18. Rfe1 Bb6+ 19. Kf1 Ng4 20. h3 Ne3+ 21.
Rxe3 Bxe3 22. Nc4 Be6 23. Nd6+ Kd7 24. a3 h5 25. Rd1 Kc7 26. Ke2 g4 27. h4 Rhd8
28. e5 g3 29. Rb1 Bg4+ 30. Kf1 f6 31. Be4 fxe5 32. Nxb7 Rd2 33. c4 Be2+ 34. Ke1
Ra2 $4 (34... f3) (34... Bd3) 35. Bd6+ Kd7 36. Bf5+ Ke8 37. Bg6+ Kd7 38. Bf5+
1/2-1/2

[Event "Mechanics' Mar TNM; 30/90, SD/30"]
[Site "San Francisco"]
[Date "2012.07.31"]
[Round "1.24"]
[White "Newey, Richard"]
[Black "Klinetobe, David"]
[Result "1/2-1/2"]
[WhiteElo "1721"]
[BlackElo "2055"]
[PlyCount "84"]
[EventDate "2012.??.??"]

1. e4 e6 2. d4 d5 3. Nd2 Nf6 4. e5 Nfd7 5. Bd3 c5 6. c3 Nc6 7. Ne2 cxd4 8. cxd4
f6 9. exf6 Nxf6 10. O-O Bd6 11. Nf3 Qc7 12. Ng3 O-O 13. Bg5 Bd7 14. Rc1 Rae8
15. Re1 Bf4 16. Bxf4 Qxf4 17. a3 g6 18. Ne2 Qd6 19. Ng3 e5 20. dxe5 Nxe5 21.
Nxe5 Rxe5 22. Qb3 Bc6 23. h3 Kg7 24. Rxe5 Qxe5 25. Bb5 Bxb5 26. Qxb5 Rf7 27.
Qe2 Qd6 28. Re1 Rd7 29. Qe5 Kf7 30. Qxd6 Rxd6 31. Kf1 Rb6 32. b4 Rc6 33. Ne2
Rc4 34. Rc1 Ke6 35. f3 Ke5 36. Ke1 b5 37. Kd2 d4 38. Kd3 Kd5 39. Nf4+ Ke5 40.
Ne2 Kd5 41. Nf4+ Ke5 42. Ne2 Kd5 1/2-1/2

[Event "Mechanics' Summer TNM; 30/90, SD/30"]
[Site "San Francisco"]
[Date "2012.07.10"]
[Round "8.23"]
[White "Newey, Richard"]
[Black "Krienke, Jason"]
[Result "0-1"]
[WhiteElo "1641"]
[BlackElo "1713"]
[PlyCount "88"]
[EventDate "2012.??.??"]

1. e4 e6 2. d4 c5 3. d5 exd5 4. exd5 Nf6 5. Bg5 d6 6. Bb5+ Bd7 7. Qe2+ Be7 8.
Bxf6 gxf6 9. Nc3 a6 10. Bxd7+ Nxd7 11. Nh3 Ne5 12. Nf4 Qd7 13. a4 Qg4 14. Qxg4
Nxg4 15. h3 Ne5 16. Ne4 f5 17. Ng3 Bg5 18. Nxf5 Bxf4 19. Nxd6+ Kd7 20. Nxb7
Rhc8 21. g3 Nf3+ 22. Ke2 Nd4+ 23. Kd3 Be5 24. Na5 Rab8 25. Nc4 Bg7 26. f4 Nf5
27. g4 Nd6 28. Ne5+ Kc7 29. b3 Rb4 30. Nc6 Rxf4 31. Rae1 Rf3+ 32. Kd2 Rf4 33.
Kd1 Ne4 34. c4 Nf2+ 35. Kc2 Nxh1 36. Re7+ Kd6 37. Ra7 Rxc6 38. dxc6 Kxc6 39.
Rxa6+ Kb7 40. Rd6 Rf2+ 41. Kd1 Bc3 42. Rh6 Ng3 43. Rxh7 Nf1 44. g5 Ne3+ 0-1

[Event "Mechanics' Fall TNM; 30/90, SD/30"]
[Site "San Francisco"]
[Date "2012.10.16"]
[Round "1.2"]
[White "Newey, Richard"]
[Black "Lee, Andy"]
[Result "0-1"]
[WhiteElo "1704"]
[BlackElo "2291"]
[Annotator "Donaldson"]
[PlyCount "78"]
[EventDate "2012.??.??"]

1. e4 e6 2. d4 d5 3. Nd2 Be7 4. Ngf3 Nf6 5. Bb5+ Nc6 6. Ne5 Bd7 7. Nxd7 Qxd7 8.
e5 Ng8 9. c3 a6 10. Qa4 Nh6 11. Nf3 O-O 12. Bxc6 Qxc6 13. Qxc6 bxc6 14. Bg5 f6
15. exf6 Bxf6 16. Bxf6 gxf6 17. Kd2 e5 18. h3 e4 19. Nh2 f5 20. f4 Rf6 21. Rae1
(21. Nf1 $1 {blockade the e-pawn with the knight.}) 21... Nf7 22. Rhf1 Nd6 23.
b3 Rb8 24. Kc2 Rh6 25. Re3 Kf7 26. Rf2 a5 27. Nf1 a4 28. Nd2 axb3+ 29. axb3 Nb5
30. Rf1 Rg6 31. Rf2 Ra8 32. Kb2 c5 33. dxc5 Rga6 34. Kc1 Ra2 35. Nxe4 Ra1+ 36.
Kd2 R8a2+ 37. Kd3 fxe4+ 38. Rxe4 dxe4+ 39. Ke3 Re1+ 0-1

[Event "Mechanics' Spring TNM; 30/90, SD/30"]
[Site "San Francisco"]
[Date "2012.04.17"]
[Round "6.19"]
[White "Newey, Richard"]
[Black "Ochoa, Jason"]
[Result "0-1"]
[WhiteElo "1668"]
[BlackElo "1906"]
[PlyCount "60"]
[EventDate "2012.??.??"]

1. e4 c5 2. d4 g6 3. Nf3 Bg7 4. d5 d6 5. Bb5+ Bd7 6. Bxd7+ Nxd7 7. O-O Ngf6 8.
Qe2 O-O 9. Nc3 Rc8 10. Bf4 Nh5 11. Bd2 a6 12. Rfe1 Qc7 13. g4 Nhf6 14. h3 b5
15. e5 dxe5 16. Nxe5 Qxe5 17. Qxe5 Nxe5 18. Rxe5 b4 19. Ne4 Nxg4 20. Rxe7 Ne5
21. Kg2 Nc4 22. Bf4 Bxb2 23. Rd1 Bd4 24. d6 Rcd8 25. Rc7 Nb2 26. Rxd4 cxd4 27.
Bh6 f5 28. d7 fxe4 29. Bxf8 Kxf8 30. Ra7 d3 0-1

[Event "Mechanics' Winter TNM; 30/90, SD/30"]
[Site "San Francisco"]
[Date "2012.01.24"]
[Round "4.22"]
[White "Newey, Richard"]
[Black "Olson, David"]
[Result "1-0"]
[WhiteElo "1724"]
[BlackElo "1404"]
[PlyCount "59"]
[EventDate "2012.??.??"]

1. e4 e5 2. Nf3 Nc6 3. Bc4 Bc5 4. c3 Nf6 5. d4 exd4 6. cxd4 Bb4+ 7. Bd2 d5 8.
exd5 Nxd5 9. Nc3 Bg4 10. Nxd5 Bxf3 11. gxf3 Bd6 12. Qe2+ Kd7 13. Be3 Re8 14.
O-O-O Kc8 15. Kb1 a6 16. Qd3 g6 17. Rc1 a5 18. Rhd1 a4 19. a3 Na5 20. Qc3 c6
21. Nb4 f5 22. f4 b5 23. Bxb5 Bxb4 24. axb4 Kb7 25. Bxc6+ Nxc6 26. Qxc6+ Ka7
27. d5+ Rxe3 28. fxe3 Rb8 29. Qxa4+ Kb7 30. d6 1-0

[Event "Mechanics' Mar TNM; 30/90, SD/30"]
[Site "San Francisco"]
[Date "2012.09.11"]
[Round "7.25"]
[White "Newey, Richard"]
[Black "Otterbach, Renate"]
[Result "1-0"]
[WhiteElo "1721"]
[BlackElo "700"]
[PlyCount "73"]
[EventDate "2012.??.??"]

1. e4 e6 2. d4 d5 3. Nd2 c5 4. Bb5+ Bd7 5. Bxd7+ Qxd7 6. Ngf3 Bd6 7. e5 Bc7 8.
c3 Bb6 9. O-O Nc6 10. dxc5 Bxc5 11. c4 d4 12. Ne4 Be7 13. Bf4 O-O-O 14. c5 Qc7
15. Nd6+ Kb8 16. Nxd4 Na5 17. b4 h6 18. bxa5 Qxc5 19. Rb1 Bxd6 20. Rb5 Qc4 21.
Qf3 Rd7 22. Rfb1 Bb4 23. R5xb4 Qxb4 24. Rxb4 Ne7 25. Be3 Nd5 26. Rb3 Rc8 27. h3
Rdc7 28. Nb5 Rc4 29. Nd6 Rc3 30. Rxb7+ Ka8 31. Rxa7+ Kb8 32. Rxf7 g5 33. Qe4
R8c7 34. Rf8+ Rc8 35. Qh7 R3c7 36. Rxc8+ Rxc8 37. Qb7# 1-0

[Event "Mechanics' Winter TNM; 30/90, SD/30"]
[Site "San Francisco"]
[Date "2012.02.21"]
[Round "8.20"]
[White "Newey, Richard"]
[Black "Starr, Albert"]
[Result "1-0"]
[WhiteElo "1724"]
[BlackElo "1519"]
[PlyCount "153"]
[EventDate "2012.??.??"]

1. e4 e5 2. Nf3 Nf6 3. Bd3 d6 4. O-O Bg4 5. c3 Nbd7 6. Bc2 Be7 7. d4 O-O 8. h3
Bh5 9. Qe2 h6 10. Rd1 c6 11. g4 Nxg4 12. hxg4 Bxg4 13. Nbd2 exd4 14. cxd4 Bf6
15. Nf1 Qb6 16. N1h2 Bh5 17. Qd3 Rfe8 18. e5 Bg6 19. Qc3 dxe5 20. Bxg6 fxg6 21.
Be3 exd4 22. Nxd4 Kh7 23. Qc2 Ne5 24. Ne6 Qa5 25. Nf4 Qc7 26. Kh1 Qf7 27. Rg1
Bg5 28. Nxg6 Qxg6 29. Qxg6+ Nxg6 30. Bxg5 hxg5 31. Rxg5 Re2 32. Rag1 Re6 33. f4
Nxf4 34. Rxg7+ Kh6 35. Rxb7 Nd3 36. Ng4+ Kh5 37. Rh7+ Kg6 38. Rh6+ Kf7 39. Rf1+
Ke7 40. Rh7+ Kd6 41. Rd1 Re1+ 42. Rxe1 Nxe1 43. Ne3 Nd3 44. Rh2 Ne5 45. Rh6+
Kc5 46. Rh5 Kd4 47. Nc2+ Ke4 48. Rh7 a5 49. b3 Rg8 50. Re7 Kf4 51. Ne1 Ng4 52.
Nd3+ Kg3 53. Re2 Kf3 54. Rc2 Ke3 55. Ne1 Nf2+ 56. Kh2 Rg6 57. Ng2+ Rxg2+ 58.
Kxg2 Nd3 59. Rxc6 Nb4 60. Rc5 Nxa2 61. Rxa5 Nb4 62. Rc5 Kd3 63. Kf3 Na6 64. Rc8
Kd4 65. Ke2 Kd5 66. Kd3 Kd6 67. Kc4 Kd7 68. Kb5 Kxc8 69. Kxa6 Kb8 70. Kb6 Ka8
71. b4 Kb8 72. b5 Ka8 73. Kc7 Ka7 74. b6+ Ka8 75. b7+ Ka7 76. b8=Q+ Ka6 77.
Qb6# 1-0